| 000 | 00482pab a2200169 454500 | ||
|---|---|---|---|
| 008 | 180718b2015 xxu||||| |||| 00| 0 eng d | ||
| 100 | _aChalfin, Aaron | ||
| 245 | _aThe long- run effect of Mexican immigration on crime in US cities: evidence from variation in Mexican fertility rates | ||
| 260 | _c2015 | ||
| 300 | _ap.220-225. | ||
| 362 | _aMay | ||
| 650 | _aFertility | ||
| 650 | _aCrime | ||
| 650 | _aImmigration | ||
| 773 | _aAmerican Economic Review | ||
| 909 | _a108233 | ||
| 999 |
_c108228 _d108228 |
||